| 000 | 00872nam a22002655i 4500 | ||
|---|---|---|---|
| 001 | 67615 | ||
| 003 | ES-MaACL | ||
| 005 | 20250317132156.0 | ||
| 007 | t| | ||
| 008 | 040608s1991 sp ||||0| spa d | ||
| 020 | _a84-320-6832-2 | ||
| 040 |
_aM-BN _bspa _cM-BN |
||
| 080 | _a929-054.73(=1.460)"1939/55":32 | ||
| 100 | 1 |
_aPrieto, Indalecio, _d1883-1962 _993889 |
|
| 245 | 1 | 0 |
_aDiscursos en América _b: con el pensamiento puesto en España, 1939-1944 / _cIndalecio Prieto. |
| 250 | _a1ª ed. | ||
| 260 |
_a[Bilbao] : _bFundación Indalecio Prieto, _c1991. |
||
| 300 |
_a2 v. : _bil. ; _c19 cm. |
||
| 490 | 1 |
_aConvulsiones de España ; _v7, 8 |
|
| 500 | _aIndice. | ||
| 650 | 1 | 4 |
_aExiliados españoles- _xActividad política. _912661 |
| 830 | 0 |
_aConvulsiones de España ; _v7, 8 _9177827 |
|
| 852 |
_aES-MaACL _jL-27922-3 _bR.133303 |
||
| 999 |
_c67615 _d67615 |
||